export_success — 

Sinai & Red Sea : yellow pages 2013.

Bibliographic Details
Format: Book
Published: Egypt: Egypt Yellow Pages, 2013.
Subjects:
LEADER 00506cam a2200145 7i4500
001 0000030830
005 20140522090000.0
090 0 0 |a EGPT 910.2962   |b SIN 
245 0 0 |a Sinai & Red Sea : yellow pages 2013. 
260 0 0 |a Egypt:   |b Egypt Yellow Pages,   |c 2013. 
300 # # |a 224 p. 
650 0 0 |a Sinai --   |x Telephone directories --   |x Yellow pages --   |z Egypt  
650 0 0 |a Red Sea --   |x Telephone directories --   |x Yellow pages --   |z Egypt  
651 0 0 |a Egypt  
999 |a B000034197  |b Directories  |c Countries  |e Business Information Centre